La Condesa de Bureta, Dª María Consolación de Azlor y Villavicencio, y el Regente, Don Pedro Mª Ric y Monserrat (Record no. 117497)

MARC details
000 -LEADER
campo de control de longitud fija 00891nam a2200205 i 4500
001 - NÚMERO DE CONTROL
campo de control 117497
003 - IDENTIFICADOR DE NÚMERO DE CONTROL
campo de control ES-MaACL
005 - FECHA Y HORA DE LA ÚLTIMA TRANSACCIÓN
campo de control 20250930063117.0
007 - CAMPO FIJO DE DESCRIPCIÓN FÍSICA--INFORMACIÓN GENERAL
campo de control de longitud fija t|
008 - DATOS DE LONGITUD FIJA--INFORMACIÓN GENERAL
campo de control de longitud fija 070214m19081947sp r ||||1| spa d
100 1# - ENTRADA PRINCIPAL--NOMBRE DE PERSONA
Nombre de persona Pano y Ruata, Mariano de,
Fechas asociadas al nombre 1847-1948
9 (RLIN) 88810
245 13 - MENCIÓN DEL TÍTULO
Título La Condesa de Bureta, Dª María Consolación de Azlor y Villavicencio, y el Regente, Don Pedro Mª Ric y Monserrat
Resto del título : episodios y documentos de los sitios de Zaragoza /
Mención de responsabilidad, etc. por Mariano Pano y Ruata.
260 ## - PUBLICACIÓN, DISTRIBUCIÓN, ETC.
Lugar de publicación, distribución, etc. Zaragoza :
Nombre del editor, distribuidor, etc. Mariano Escar,
Fecha de publicación, distribución, etc. 1908-1947.
300 ## - DESCRIPCIÓN FÍSICA
Extensión 2 v., 6 lám. :
Otras características físicas il. ;
Dimensiones 23 y 24 cm.
600 14 - PUNTO DE ACCESO ADICIONAL DE MATERIA--NOMBRE DE PERSONA
Nombre de persona Ric y Montserrat, Pedro María
Títulos y otros términos asociados al nombre Barón de Valdeolivos.
9 (RLIN) 152610
600 14 - PUNTO DE ACCESO ADICIONAL DE MATERIA--NOMBRE DE PERSONA
Nombre de persona Bureta, María de la Consolación Azlor
Títulos y otros términos asociados al nombre Condesa de (
Fechas asociadas al nombre 1773-1814)
9 (RLIN) 152611
651 #4 - PUNTO DE ACCESO ADICIONAL DE MATERIA--NOMBRE GEOGRÁFICO
Nombre geográfico Zaragoza-
Subdivisión general Historia-
Subdivisión cronológica 1808-1809, Sitio.
9 (RLIN) 142068
852 ## - LOCALIZACIÓN
Ubicación ES-MaACL
Número de control de estantería C-4478-79
Holdings
Estatus retirado Estado de pérdida Estado de daño No para préstamo Biblioteca de origen Biblioteca actual Ubicación en estantería Fecha de adquisición Fuente de adquisición Total de préstamos Signatura topográfica completa Código de barras Visto por última vez Precio de reemplazo Tipo de ítem Koha
        Biblioteca del Ateneo de Madrid Biblioteca del Ateneo de Madrid Sala Palomar 17/01/2008     C-4478-79 1122498 23/02/2023 23/02/2023 Libro impreso